Statistiken für Fynn Kliemann - Bis Seattle (lyrics)

Klicken Sie hier um das Quiz zu spielen!

Allgemein

  • Dieses Quiz wurde 3 mal gespielt
  • Das Durchschnittsergebnis liegt bei 175 aus 354

Antwortstatistiken

Antwort% Korrekt
bis
100%
da
100%
das
100%
der
100%
die
100%
Die
100%
fahre
100%
Ich
100%
ich,
100%
ich
100%
ist
100%
nach
100%
Seattle
100%
sein,
100%
sein
100%
und
100%
Und
100%
zu
100%
a
50%
ab
50%
Abend
50%
alle
50%
alles,
50%
alles
50%
an
50%
anders,
50%
anzufangen,
50%
atme
50%
auf,
50%
auf
50%
aus
50%
bei
50%
Beton
50%
damit
50%
dann
50%
den
50%
dich
50%
Diese
50%
Dream
50%
drei
50%
drin
50%
drüben
50%
durch
50%
ein
50%
einander
50%
etwas
50%
Fang'
50%
für
50%
gar
50%
gefilmt
50%
gemacht
50%
gleicht
50%
hat
50%
Hause,
50%
Hellboy
50%
heult
50%
heut'
50%
Heute
50%
in
50%
irgendwie
50%
Jau,
50%
Jemand
50%
Kann
50%
kann,
50%
Kopf,
50%
Lächeln
50%
lädt
50%
lebe
50%
lehn'
50%
letzte
50%
like
50%
Lungenzug
50%
mach'
50%
meine
50%
meinem
50%
mich
50%
mir
50%
mit,
50%
mit
50%
Musik
50%
Nacht
50%
Nacht,
50%
'ne
50%
Nehm'
50%
nein
50%
'nem
50%
nich'
50%
nicht
50%
nur
50%
Oder
50%
Pfützen
50%
raus
50%
sagen,
50%
schief
50%
Schlaflos
50%
schwarze
50%
so
50%
Stadt
50%
tief
50%
tu'
50%
wander
50%
was
50%
Welt
50%
will
50%
Will
50%
wird
50%
wirkt
50%
zähle
50%
Zähle
50%
zur
50%
zwei
50%
Aber
0%
Ader
0%
Arbeite
0%
arbeite
0%
Augen
0%
Bausche
0%
bezahl'
0%
Bild
0%
Bin
0%
Blut
0%
blute
0%
davon
0%
Ehrlicher
0%
eine
0%
einfältige
0%
endlich
0%
ewig
0%
Finde
0%
geb'
0%
Gebe
0%
Gehört
0%
gesegnet
0%
her
0%
hoff'
0%
Ideen,
0%
ihm
0%
ins
0%
Jugend,
0%
Karma
0%
kindisch,
0%
Kurt
0%
mal
0%
mehr
0%
Nirvana
0%
nix,
0%
Pause,
0%
platzt
0%
privilegierten
0%
Rausch
0%
Rauschen
0%
rotz'
0%
schwimmt
0%
spür'
0%
Straßen
0%
Suche
0%
Taten
0%
tauch'
0%
Träne,
0%
Träne
0%
trauen
0%
Tropfen
0%
Tugend
0%
Überlänge
0%
verbrauche
0%
von
0%
Wahrheit
0%
Wehen
0%
wenig
0%

Verteilung der Resultate

Perzentil nach korrekt beantworteten Fragen

Anzahl Personen mit jedem Resultat

Ihre Resultats-Entwicklung

Sie haben dieses Quiz noch nicht gespielt